<?xml version="1.0" encoding="UTF-8"?>
<record
    xmlns:xsi="http://www.w3.org/2001/XMLSchema-instance"
    xsi:schemaLocation="http://www.loc.gov/MARC21/slim http://www.loc.gov/standards/marcxml/schema/MARC21slim.xsd"
    xmlns="http://www.loc.gov/MARC21/slim">

  <leader>01284nam a22001697a 4500</leader>
  <controlfield tag="005">20230320095944.0</controlfield>
  <controlfield tag="008">230320b           ||||| |||| 00| 0 eng d</controlfield>
  <datafield tag="020" ind1=" " ind2=" ">
    <subfield code="a">9789988886530</subfield>
  </datafield>
  <datafield tag="050" ind1=" " ind2=" ">
    <subfield code="a">JF1351.B85</subfield>
  </datafield>
  <datafield tag="100" ind1=" " ind2=" ">
    <subfield code="9">Buabeng, Thomas.</subfield>
  </datafield>
  <datafield tag="245" ind1=" " ind2=" ">
    <subfield code="a">Fundamentals of public administration and management /</subfield>
    <subfield code="c">Thomas Buabeng.</subfield>
  </datafield>
  <datafield tag="260" ind1=" " ind2=" ">
    <subfield code="a">Tema :</subfield>
    <subfield code="b">Digibooks Ghana Limited,</subfield>
    <subfield code="c">2020.</subfield>
  </datafield>
  <datafield tag="300" ind1=" " ind2=" ">
    <subfield code="a">xxiii, 379 p. :</subfield>
    <subfield code="b">ill.;</subfield>
    <subfield code="c">23 cm.</subfield>
  </datafield>
  <datafield tag="500" ind1=" " ind2=" ">
    <subfield code="a">Includes references and index.</subfield>
  </datafield>
  <datafield tag="505" ind1=" " ind2=" ">
    <subfield code="a">Contents : Part 1 : Concepts, theories and principles : Definitions and scope of public administration -- Evolution and scholars of public administration and management -- Theories and principles in management and administration -- Introduction to the public policy process -- Bureaucracy and public administration -- Part 2 : Ghanaian public administration : The public administration system in Ghana -- Local government system in Ghana -- The Local Governance Act of 2016 (Act 936) -- Decentralization and Ghana's decentralization policy framework -- Public-private partnerships -- Part 3 : Governance and public service accountability : Governance and public administration -- Ethics in public service -- Administrative responsibility, accountability, and corruption in Ghana.</subfield>
  </datafield>
  <datafield tag="942" ind1=" " ind2=" ">
    <subfield code="2">lcc</subfield>
    <subfield code="c">BK</subfield>
  </datafield>
  <datafield tag="999" ind1=" " ind2=" ">
    <subfield code="c">9448</subfield>
    <subfield code="d">16948</subfield>
  </datafield>
  <datafield tag="952" ind1=" " ind2=" ">
    <subfield code="0">0</subfield>
    <subfield code="1">0</subfield>
    <subfield code="2">lcc</subfield>
    <subfield code="4">0</subfield>
    <subfield code="7">0</subfield>
    <subfield code="a">WIUC-1</subfield>
    <subfield code="b">WIUC-1</subfield>
    <subfield code="c">REF</subfield>
    <subfield code="d">2023-03-20</subfield>
    <subfield code="l">0</subfield>
    <subfield code="o">JF1351.B85</subfield>
    <subfield code="p">9173/622/22</subfield>
    <subfield code="r">2023-03-20 00:00:00</subfield>
    <subfield code="t">1</subfield>
    <subfield code="w">2023-03-20</subfield>
    <subfield code="y">BK</subfield>
  </datafield>
  <datafield tag="952" ind1=" " ind2=" ">
    <subfield code="0">0</subfield>
    <subfield code="1">0</subfield>
    <subfield code="2">lcc</subfield>
    <subfield code="4">0</subfield>
    <subfield code="7">0</subfield>
    <subfield code="a">WIUC-1</subfield>
    <subfield code="b">WIUC-1</subfield>
    <subfield code="c">REF</subfield>
    <subfield code="d">2023-03-20</subfield>
    <subfield code="l">0</subfield>
    <subfield code="o">JF1351.B851</subfield>
    <subfield code="p">9174/623/22</subfield>
    <subfield code="r">2023-03-20 00:00:00</subfield>
    <subfield code="t">2</subfield>
    <subfield code="w">2023-03-20</subfield>
    <subfield code="y">BK</subfield>
  </datafield>
  <datafield tag="952" ind1=" " ind2=" ">
    <subfield code="0">0</subfield>
    <subfield code="1">0</subfield>
    <subfield code="2">lcc</subfield>
    <subfield code="4">0</subfield>
    <subfield code="7">0</subfield>
    <subfield code="a">WIUC-1</subfield>
    <subfield code="b">WIUC-1</subfield>
    <subfield code="c">REF</subfield>
    <subfield code="d">2023-03-20</subfield>
    <subfield code="l">0</subfield>
    <subfield code="o">JF1351.B852</subfield>
    <subfield code="p">9175/624/22</subfield>
    <subfield code="r">2023-03-20 00:00:00</subfield>
    <subfield code="t">3</subfield>
    <subfield code="w">2023-03-20</subfield>
    <subfield code="y">BK</subfield>
  </datafield>
</record>
